Statystyki dla Gminy Powiatu Gryfickiego

Kliknij tutaj aby rozwiązać quiz!

Ogólne statystyki

  • Ten quiz został rozwiązany 16 razy
  • Średni wynik to 3 z 6

Statystyki odpowiedzi

HintOdpowiedź% Poprawnych
1.Gryfice
92%
2.Trzebiatów
69%
4.Płoty
62%
3.Rewal
46%
6.Brojce
31%
5.Karnice
31%

Rozkład punktacji

Percentyl według liczby udzielonych odpowiedzi

Procent ludzi z każdym wynikiem

Twoja historia wyników

Nie rozwiązałeś tego quizu